000 00556cam a2200217 4500
001 B1507
008 090401t1984 xxu||||| |||| 00| 0 eng d
035 _a(Sirsi) u44811
041 _aeng
050 _a333.336
110 _aHillier Parker Research
_92002
245 _aSurvey of industrial voids. - No. 2 March 1984
260 _aLondon
_bHillier Parker May and Rowden
_c1984
300 _a(5)p. ; 30cm.
350 _a0
650 _aFLOORSPACE
650 _aINDUSTRIAL PROPERTY
650 _aVOID PROPERTY
942 _n0
948 _c04/03/1997
999 _c91599
_d91599